[Event "EU-chT Seniors 50"]
[Site "Novi Sad"]
[Date "2017.07.01"]
[Round "7.2"]
[White "Dragovic, Momcilo"]
[Black "Lundin, Jan"]
[Result "0-1"]
[WhiteElo "2357"]
[BlackElo "2276"]
[PlyCount "98"]
[EventDate "2017.06.25"]
[EventType "team-tourn"]
[EventRounds "9"]
[EventCountry "SRB"]
[SourceTitle "CBM 179 Extra"]
[Source "ChessBase"]
[SourceDate "2017.08.23"]
[SourceVersion "1"]
[SourceVersionDate "2017.08.23"]
[SourceQuality "1"]
[WhiteTeam "Serbia Srbobran 50"]
[BlackTeam "Sweden 50"]
[WhiteTeamCountry "SRB"]
[BlackTeamCountry "SWE"]

1. e4 c6 2. c4 d5 3. exd5 cxd5 4. cxd5 Nf6 5. Nc3 Nxd5 6. Nf3 Nc6 7. d4 Bg4 8. Be2 e6 9. 0-0 Be7 10. Qb3 a6 11. Be3 0-0 12. Rfd1 Na5 13. Qc2 Rc8 14. Rac1 b5 15. Ne5 Bxe2 16. Qxe2 Nxc3 17. Rxc3 Rxc3 18. bxc3 Qd5 19. a4 f6 20. Nd3 bxa4 21. Nf4 Qc4 22. Qh5 Nb3 23. d5 exd5 24. Nxd5 Bc5 25. Bxc5 Qxc5 26. Qg4 a3 27. Qe6+ Kh8 28. Ne7 Qxc3 29. Qf7 Qe1+ 30. Rxe1 Rxf7 31. Nd5 Kg8 32. Nb4 Rc7 33. g3 Rc1 34. Kf1 Rxe1+ 35. Kxe1 Nc1 36. Nc2 a2 37. Na1 Nd3+ 38. Ke2 Nc5 39. Ke3 Kf7 40. Kd4 Ne6+ 41. Kc4 Kg6 42. Kc3 Kf5 43. Kb2 Ke4 44. f4 Nd4 45. Kxa2 Kd3 46. g4 Ke4 47. f5 Kf4 48. Kb2 Nf3 49. h3 Ng1 0-1

[Event "EU-chT Seniors 50"]
[Site "Novi Sad"]
[Date "2017.06.28"]
[Round "4.4"]
[White "Todorovic, Goran M"]
[Black "Dragovic, Momcilo"]
[Result "0-1"]
[WhiteElo "2444"]
[BlackElo "2357"]
[PlyCount "70"]
[EventDate "2017.06.25"]
[EventType "team-tourn"]
[EventRounds "9"]
[EventCountry "SRB"]
[SourceTitle "CBM 179 Extra"]
[Source "ChessBase"]
[SourceDate "2017.08.23"]
[SourceVersion "1"]
[SourceVersionDate "2017.08.23"]
[SourceQuality "1"]
[WhiteTeam "Serbia 50"]
[BlackTeam "Serbia Srbobran 50"]
[WhiteTeamCountry "SRB"]
[BlackTeamCountry "SRB"]

1. e4 e5 2. Nf3 Nc6 3. Nc3 g6 4. d4 exd4 5. Nd5 Bg7 6. Bg5 Nce7 7. Nxd4 c6 8. Nc3 d6 9. Qd2 h6 10. Bh4 Nf6 11. 0-0-0 0-0 12. f3 d5 13. Qe1 Re8 14. Be2 Bd7 15. exd5 Nexd5 16. Nxd5 cxd5 17. Qb4 a5 18. Qxb7 Rb8 19. Qa6 Qe7 20. Rd2 Rxb2 21. Kxb2 Rb8+ 22. Nb3 Qe5+ 23. c3 Ne4 24. Rc2 Nxc3 25. Bg3 Na4+ 26. Kc1 Qe3+ 27. Kd1 Bf5 28. Bxb8 Bxc2+ 29. Ke1 Bc3+ 30. Kf1 Bxb3 31. axb3 Qc1+ 32. Kf2 Qxh1 33. bxa4 Qe1+ 34. Ke3 Qg1+ 35. Kf4 Qd4+ 0-1

[Event "Gligoric Cup 2nd"]
[Site "Kragujevac"]
[Date "2014.12.12"]
[Round "7.4"]
[White "Dragovic, Momcilo"]
[Black "Stamenkovic, Aleksandar"]
[Result "1/2-1/2"]
[WhiteElo "2375"]
[BlackElo "2310"]
[PlyCount "41"]
[EventDate "2014.12.06"]
[EventType "team-tourn"]
[EventRounds "9"]
[EventCountry "SRB"]
[SourceTitle "CBM 164 Extra"]
[Source "ChessBase"]
[SourceDate "2015.03.02"]
[SourceVersion "1"]
[SourceVersionDate "2015.03.02"]
[SourceQuality "1"]
[WhiteTeam "Srbobran"]
[BlackTeam "Stara Pazova"]
[WhiteTeamCountry "SRB"]
[BlackTeamCountry "SRB"]

1. e4 e5 2. Nf3 Nc6 3. Nc3 Nf6 4. a3 a6 5. h3 Bc5 6. d3 d6 7. Be3 Bxe3 8. fxe3 0-0 9. g4 Be6 10. Bg2 d5 11. g5 dxe4 12. gxf6 exf3 13. Qxf3 Qxf6 14. Qxf6 gxf6 15. Bxc6 bxc6 16. Ne4 Rfb8 17. 0-0-0 f5 18. Rdg1+ Kf8 19. Ng5 Ke7 20. Nxe6 Kxe6 21. Rg7 1/2-1/2

[Event "Senta op-A 17th"]
[Site "Senta"]
[Date "2013.07.20"]
[Round "9"]
[White "Kosanovic, Goran A"]
[Black "Dragovic, Momcilo"]
[Result "1/2-1/2"]
[WhiteElo "2372"]
[BlackElo "2387"]
[PlyCount "21"]
[EventDate "2013.07.13"]
[EventType "swiss"]
[EventRounds "9"]
[EventCountry "SRB"]
[SourceTitle "EXT 2014"]
[Source "ChessBase"]
[SourceDate "2013.11.20"]
[SourceVersion "1"]
[SourceVersionDate "2013.11.20"]
[SourceQuality "1"]

1. d4 Nf6 2. Bg5 e6 3. e4 Be7 4. Nd2 d5 5. Bxf6 Bxf6 6. Ngf3 Nc6 7. e5 Be7 8. c3 Bd7 9. Bd3 f6 10. exf6 Bxf6 11. 0-0 1/2-1/2

[Event "Senta op-A 17th"]
[Site "Senta"]
[Date "2013.07.14"]
[Round "2"]
[White "Sente, Damir"]
[Black "Dragovic, Momcilo"]
[Result "1/2-1/2"]
[WhiteElo "2082"]
[BlackElo "2387"]
[PlyCount "87"]
[EventDate "2013.07.13"]
[EventType "swiss"]
[EventRounds "9"]
[EventCountry "SRB"]
[SourceTitle "EXT 2014"]
[Source "ChessBase"]
[SourceDate "2013.11.20"]
[SourceVersion "1"]
[SourceVersionDate "2013.11.20"]
[SourceQuality "1"]

1. Nf3 d6 2. e4 Nf6 3. Nc3 e5 4. d4 Nbd7 5. Be2 Be7 6. 0-0 0-0 7. h3 c6 8. a4 a5 9. Be3 Re8 10. Nd2 Bf8 11. f4 exd4 12. Bxd4 b6 13. Bd3 Nc5 14. Qf3 Nxd3 15. cxd3 Ba6 16. Bf2 Nd7 17. Rfe1 Nc5 18. Re3 Qf6 19. Nc4 Qd8 20. Nd2 g6 21. d4 Ne6 22. d5 Nd4 23. Qd1 cxd5 24. exd5 Rxe3 25. Bxe3 Nf5 26. Bf2 Bg7 27. Nf3 Rc8 28. Nd4 Bxd4 29. Bxd4 Rc4 30. Bf2 Rxf4 31. Qd2 Rc4 32. Re1 h5 33. Re4 h4 34. Rxc4 Bxc4 35. Ne4 Qe7 36. Nc3 Qb7 37. Ne4 Qe7 38. Nc3 Ng3 39. Bxb6 Nf1 40. Qf4 Qe1 41. Bf2 Qa1 42. Qxh4 Ng3+ 43. Kh2 Nf1+ 44. Kg1 1/2-1/2

[Event "Senta op-A 17th"]
[Site "Senta"]
[Date "2013.07.13"]
[Round "1"]
[White "Dragovic, Momcilo"]
[Black "Manojlovic, Sava"]
[Result "1/2-1/2"]
[WhiteElo "2387"]
[BlackElo "2127"]
[PlyCount "35"]
[EventDate "2013.07.13"]
[EventType "swiss"]
[EventRounds "9"]
[EventCountry "SRB"]
[SourceTitle "EXT 2014"]
[Source "ChessBase"]
[SourceDate "2013.11.20"]
[SourceVersion "1"]
[SourceVersionDate "2013.11.20"]
[SourceQuality "1"]

1. e4 c5 2. Nf3 e6 3. d4 cxd4 4. Nxd4 a6 5. Nf3 Qc7 6. c4 Nf6 7. Bd3 d6 8. Nc3 g6 9. 0-0 Bg7 10. Bf4 Nbd7 11. Rc1 0-0 12. Bb1 Ne8 13. Qd2 Ne5 14. Bxe5 dxe5 15. Rfd1 b6 16. Qe3 Bd7 17. b4 Nf6 18. Nd2 1/2-1/2

[Event "Gligoric Cup 1st"]
[Site "Banja Koviljaca"]
[Date "2013.05.22"]
[Round "3.2"]
[White "Dragovic, Momcilo"]
[Black "Ivanisevic, Ivan"]
[Result "0-1"]
[WhiteElo "2374"]
[BlackElo "2655"]
[PlyCount "52"]
[EventDate "2013.05.20"]
[EventType "team-swiss"]
[EventRounds "7"]
[EventCountry "SRB"]
[SourceTitle "CBM 154 Extra"]
[Source "ChessBase"]
[SourceDate "2013.06.25"]
[SourceVersion "2"]
[SourceVersionDate "2013.06.25"]
[SourceQuality "1"]
[WhiteTeam "Srbobran"]
[BlackTeam "Kragujevac Vodovod"]
[WhiteTeamCountry "SRB"]
[BlackTeamCountry "SRB"]

1. e4 c5 2. Nf3 Nc6 3. Bb5 d6 4. 0-0 Bd7 5. Re1 Nf6 6. c3 a6 7. Bf1 Bg4 8. h3 Bh5 9. d3 e6 10. Nbd2 Be7 11. Nb3 d5 12. e5 Nd7 13. d4 0-0 14. Be2 Rc8 15. Be3 cxd4 16. Bxd4 Qc7 17. Nfd2 Bg6 18. Nf3 Nxd4 19. Nbxd4 Nc5 20. Nb3 Na4 21. Qd2 b5 22. Nc1 Nc5 23. Nd3 Ne4 24. Qe3 Qb8 25. a3 Bd8 26. Nd4 Bb6 0-1

[Event "Senta op-A 15th"]
[Site "Senta"]
[Date "2011.07.17"]
[Round "2"]
[White "Marjanovic, Dejan"]
[Black "Dragovic, Momcilo"]
[Result "0-1"]
[WhiteElo "2153"]
[BlackElo "2380"]
[PlyCount "66"]
[EventDate "2011.07.16"]
[EventType "swiss"]
[EventRounds "9"]
[EventCountry "SRB"]
[SourceTitle "CBM 143 Extra"]
[Source "ChessBase"]
[SourceDate "2011.08.29"]
[SourceVersion "1"]
[SourceVersionDate "2011.08.29"]
[SourceQuality "1"]

1. e4 e5 2. Nf3 Nc6 3. Bb5 f5 4. d3 fxe4 5. dxe4 Nf6 6. Bg5 h6 7. Bh4 g5 8. Bg3 d6 9. Nc3 a6 10. Ba4 b5 11. Bb3 Na5 12. Nd5 Nxb3 13. Nxf6+ Qxf6 14. axb3 c6 15. Nd2 Qg6 16. 0-0 Be7 17. f3 h5 18. c4 h4 19. Bf2 g4 20. Be3 gxf3 21. Qxf3 Bg4 22. Qf2 Rg8 23. Kh1 Rf8 24. Qg1 Kd7 25. cxb5 axb5 26. Rxf8 Rxf8 27. Ra7+ Ke6 28. Qc1 c5 29. b4 c4 30. Rb7 h3 31. Rxb5 hxg2+ 32. Kg1 Be2 33. Bf2 Bh4 0-1

[Event "Senta op-A 15th"]
[Site "Senta"]
[Date "2011.07.16"]
[Round "1"]
[White "Dragovic, Momcilo"]
[Black "Vranic, Ljubomir"]
[Result "1/2-1/2"]
[WhiteElo "2380"]
[BlackElo "2174"]
[PlyCount "120"]
[EventDate "2011.07.16"]
[EventType "swiss"]
[EventRounds "9"]
[EventCountry "SRB"]
[SourceTitle "CBM 143 Extra"]
[Source "ChessBase"]
[SourceDate "2011.08.29"]
[SourceVersion "1"]
[SourceVersionDate "2011.08.29"]
[SourceQuality "1"]

1. e4 d6 2. d4 Nf6 3. Nc3 Nbd7 4. Nf3 e5 5. Bc4 Be7 6. 0-0 0-0 7. a4 a5 8. h3 c6 9. Ba2 exd4 10. Nxd4 Nc5 11. Qf3 Nfd7 12. Qg3 Ne5 13. Bh6 Bf6 14. Rfd1 Ng6 15. Be3 Bh4 16. Qf3 Ne5 17. Qe2 Qe7 18. f4 Ng6 19. Nf5 Bxf5 20. exf5 Nh8 21. Bxc5 Qxe2 22. Nxe2 dxc5 23. g3 Bf6 24. c3 Rfd8 25. Bc4 Kf8 26. Kf2 Rab8 27. g4 h6 28. Ng3 Bh4 29. Kf3 Bxg3 30. Kxg3 f6 31. Kh4 Nf7 32. Kh5 Nd6 33. Be6 Ne4 34. Re1 Nf2 35. Re3 Rd3 36. Rxd3 Nxd3 37. Rf1 Nxb2 38. Kg6 Nxa4 39. Rd1 Nb6 40. c4 a4 41. h4 a3 42. g5 hxg5 43. fxg5 fxg5 44. hxg5 Re8 45. Bf7 Re5 46. Rd8+ Ke7 47. Rd3 Nd7 48. Rxa3 Nf8+ 49. Kxg7 Rxf5 50. Re3+ Kd6 51. Kxf8 Rxg5 52. Re7 b5 53. Ke8 Re5 54. Rxe5 Kxe5 55. Kd7 Kd4 56. Kxc6 bxc4 57. Kb5 c3 58. Bg6 Ke3 59. Kxc5 Kd2 60. Kd4 c2 1/2-1/2

[Event "Senta January op"]
[Site "Senta"]
[Date "2011.01.23"]
[Round "3"]
[White "Pajzer, Istvan"]
[Black "Dragovic, Momcilo"]
[Result "1/2-1/2"]
[WhiteElo "2114"]
[BlackElo "2405"]
[PlyCount "109"]
[EventDate "2011.01.21"]
[EventType "swiss"]
[EventRounds "9"]
[EventCountry "SRB"]
[SourceTitle "CBM 140 Extra"]
[Source "ChessBase"]
[SourceDate "2011.03.01"]
[SourceVersion "1"]
[SourceVersionDate "2011.03.01"]
[SourceQuality "1"]

1. d4 Nf6 2. c4 g6 3. Nc3 Bg7 4. e4 d6 5. f3 0-0 6. Be3 Nc6 7. Qd2 a6 8. Nge2 Rb8 9. Nc1 e6 10. Be2 Bd7 11. 0-0 Ne7 12. a4 Nc6 13. a5 Bc8 14. Nd3 Nd7 15. Nf4 e5 16. dxe5 dxe5 17. Nfd5 Nd4 18. Bxd4 exd4 19. Na4 c6 20. Ndb6 Qe7 21. Bd3 Ne5 22. h3 Qh4 23. Nxc8 Rbxc8 24. f4 Bh6 25. Ra3 Rfe8 26. Nc5 Qe7 27. b4 Rcd8 28. Qf2 Nd7 29. Nxd7 Rxd7 30. c5 Kh8 31. Kh1 g5 32. g3 Qe6 33. Kh2 Rg8 34. Qf3 gxf4 35. gxf4 Qf6 36. Ra2 Rdd8 37. e5 Qh4 38. f5 Rde8 39. e6 fxe6 40. f6 Ref8 41. Rg2 Rxg2+ 42. Kxg2 Rf7 43. Qg4 Qxg4+ 44. hxg4 Bg5 45. Bc4 Rxf6 46. Rxf6 Bxf6 47. Bxe6 d3 48. Kf3 Bc3 49. Bc8 Bxb4 50. Bxb7 Bxc5 51. Bxc6 Bb4 52. Bb7 Bxa5 53. Bxa6 d2 54. Ke2 h6 55. Bc8 1/2-1/2

[Event "Senta January op"]
[Site "Senta"]
[Date "2011.01.22"]
[Round "2"]
[White "Dragovic, Momcilo"]
[Black "Juhasz, Jeno"]
[Result "1-0"]
[WhiteElo "2405"]
[BlackElo "1990"]
[PlyCount "109"]
[EventDate "2011.01.21"]
[EventType "swiss"]
[EventRounds "9"]
[EventCountry "SRB"]
[SourceTitle "CBM 140 Extra"]
[Source "ChessBase"]
[SourceDate "2011.03.01"]
[SourceVersion "1"]
[SourceVersionDate "2011.03.01"]
[SourceQuality "1"]

1. e4 c5 2. Nf3 Nc6 3. Bb5 e6 4. 0-0 Nge7 5. Re1 a6 6. Bf1 Ng6 7. d4 cxd4 8. Nxd4 Be7 9. Be3 0-0 10. Nc3 Qc7 11. Qd2 Bd6 12. Kh1 Be5 13. Nf3 Bf6 14. Na4 b5 15. Nb6 Rb8 16. Nxc8 Qxc8 17. Bc5 Be7 18. Bxe7 Ncxe7 19. c3 Nc6 20. Rad1 Rd8 21. Qd6 Qb7 22. Rd2 Ra8 23. Red1 Ra7 24. Qg3 Qc7 25. Rd6 h6 26. e5 Raa8 27. h4 Nge7 28. R6d2 Nd5 29. Bd3 Nce7 30. Nh2 Kh8 31. Bb1 Rg8 32. Rd4 f5 33. Nf3 Qc8 34. Qh2 g6 35. Qg1 Qf8 36. Qe1 g5 37. hxg5 hxg5 38. Qd2 g4 39. Nh2 Qg7 40. Nxg4 f4 41. Rxf4 Nxf4 42. Qxf4 Qg5 43. Qf6+ Rg7 44. Ne3 d5 45. Rd4 Nf5 46. Bxf5 exf5 47. Qxg5 Rxg5 48. Rh4+ Kg7 49. f4 Rg6 50. Nxf5+ Kf8 51. Rh8+ Rg8 52. Rh7 Rg6 53. Ne7 Rh6+ 54. Rxh6 Kxe7 55. Rd6 1-0

[Event "Senta op-A 14th"]
[Site "Senta"]
[Date "2010.07.24"]
[Round "9"]
[White "Pavlov, Sergey1"]
[Black "Dragovic, Momcilo"]
[Result "1-0"]
[WhiteElo "2524"]
[BlackElo "2380"]
[PlyCount "145"]
[EventDate "2010.07.17"]
[EventType "swiss"]
[EventRounds "9"]
[EventCountry "YUG"]
[SourceTitle "CBM 137 Extra"]
[Source "ChessBase"]
[SourceDate "2010.09.01"]
[SourceVersion "1"]
[SourceVersionDate "2010.09.01"]
[SourceQuality "1"]

1. c4 Nf6 2. Nc3 g6 3. Nf3 Bg7 4. d4 0-0 5. g3 d6 6. Bg2 Nc6 7. 0-0 a6 8. Qd3 Nd7 9. Be3 e5 10. Qd2 exd4 11. Nxd4 Nce5 12. b3 Nc5 13. h3 Bd7 14. Bg5 Bf6 15. Bxf6 Qxf6 16. Nd5 Qd8 17. Rad1 Bc6 18. f4 Bxd5 19. Bxd5 c6 20. Bg2 Ned7 21. Nc2 Qb6 22. e3 Nf6 23. Qd4 Ne8 24. Kh2 Qc7 25. e4 Qe7 26. Rfe1 Rd8 27. Ne3 h5 28. e5 Ne6 29. Qc3 dxe5 30. Qxe5 N8g7 31. f5 Qc7 32. Qf6 h4 33. fxe6 Qxg3+ 34. Kh1 Rxd1 35. Rxd1 Qxe3 36. exf7+ Rxf7 37. Qxg6 Rf8 38. Qg4 Qf2 39. a4 Qf4 40. Rd4 Qxg4 41. Rxg4 Rd8 42. b4 Rd1+ 43. Kh2 Rb1 44. c5 a5 45. bxa5 Rb2 46. Kg1 Rc2 47. Rb4 Rc1+ 48. Kh2 Rxc5 49. Rxb7 Rxa5 50. Bxc6 Rc5 51. Bd7 Rd5 52. Ra7 Kf8 53. Kg2 Rd3 54. a5 Nh5 55. a6 Ra3 56. Bb5 Nf4+ 57. Kf1 Ne6 58. Rh7 Ng7 59. Rxh4 Ke7 60. Ba4 Ne6 61. a7 Nc7 62. Rh7+ Kd6 63. Rxc7 Rxa4 64. Rg7 Ke6 65. Ke2 Kf6 66. Rc7 Ke5 67. Kd3 Kd6 68. Rg7 Kc5 69. h4 Kd5 70. h5 Rd4+ 71. Kc3 Rc4+ 72. Kb3 Rc8 73. h6 1-0

[Event "Senta op-A 14th"]
[Site "Senta"]
[Date "2010.07.23"]
[Round "8"]
[White "Strebkovs, Andrejs"]
[Black "Dragovic, Momcilo"]
[Result "0-1"]
[WhiteElo "2325"]
[BlackElo "2380"]
[PlyCount "156"]
[EventDate "2010.07.17"]
[EventType "swiss"]
[EventRounds "9"]
[EventCountry "YUG"]
[SourceTitle "CBM 137 Extra"]
[Source "ChessBase"]
[SourceDate "2010.09.01"]
[SourceVersion "1"]
[SourceVersionDate "2010.09.01"]
[SourceQuality "1"]

1. d4 Nf6 2. c4 g6 3. Nc3 Bg7 4. e4 d6 5. f3 0-0 6. Nge2 a6 7. Be3 Nc6 8. Qd2 Rb8 9. Rb1 e6 10. b4 Nd7 11. d5 Nce5 12. Nd4 Nb6 13. Qc1 Nexc4 14. Bf2 exd5 15. Nxd5 c6 16. Nxb6 Nxb6 17. Be2 d5 18. 0-0 dxe4 19. Rd1 e3 20. Bg3 Bd7 21. Bxb8 Qxb8 22. Qxe3 Nd5 23. Qd2 Qa7 24. Rb3 c5 25. bxc5 Ba4 26. Rc1 Bxb3 27. Nxb3 Nc7 28. Kh1 Ne6 29. Qd6 Bh6 30. Rd1 Rc8 31. Rd5 Bf8 32. Qe5 Bxc5 33. g3 Bg1 34. Bf1 Rc2 35. Rd2 Rxd2 36. Nxd2 Bd4 37. Qd5 Bg7 38. Ne4 Qe3 39. Qd3 Qe1 40. Kg2 Bd4 41. Qe2 Qb4 42. Qc2 b5 43. Bd3 Kg7 44. Nd2 Bb6 45. Ne4 Bd4 46. Nd2 a5 47. Ne4 Be5 48. Qe2 Nd4 49. Qf2 Nf5 50. Qe2 Nd4 51. Qf2 Qa3 52. Bf1 Kg8 53. f4 Bg7 54. Ng5 a4 55. Kh3 Qc3 56. Bg2 Qc8+ 57. g4 Qc3+ 58. Nf3 h6 59. Kg3 b4 60. Qe1 Kf8 61. Qd1 b3 62. axb3 a3 63. Qb1 Ne2+ 64. Kf2 Nc1 65. Qe4 Qc8 66. Qb4+ Kg8 67. Qxa3 Bf8 68. Qa5 Nd3+ 69. Kg3 g5 70. fxg5 Qb8+ 71. Kh4 Be7 72. Qf5 Qd6 73. Qc8+ Kg7 74. Qc3+ Kh7 75. Bf1 hxg5+ 76. Nxg5+ Bxg5+ 77. Kxg5 Qh6+ 78. Kf5 Qg6# 0-1

[Event "Senta op-A 14th"]
[Site "Senta"]
[Date "2010.07.19"]
[Round "4"]
[White "Dolnik, Attila"]
[Black "Dragovic, Momcilo"]
[Result "0-1"]
[WhiteElo "2183"]
[BlackElo "2380"]
[PlyCount "90"]
[EventDate "2010.07.17"]
[EventType "swiss"]
[EventRounds "9"]
[EventCountry "YUG"]
[SourceTitle "CBM 137 Extra"]
[Source "ChessBase"]
[SourceDate "2010.09.01"]
[SourceVersion "1"]
[SourceVersionDate "2010.09.01"]
[SourceQuality "1"]

1. e4 e5 2. Nf3 Nc6 3. d4 exd4 4. Nxd4 Qh4 5. Nc3 Bb4 6. Ndb5 Ba5 7. Bd2 a6 8. Na3 b5 9. g3 Qe7 10. Bg2 Bxc3 11. Bxc3 f6 12. Bd2 Bb7 13. 0-0 Qe5 14. Bf4 Qxb2 15. Bxc7 Qxa3 16. e5 f5 17. Re1 Qe7 18. Bd6 Qe6 19. Bd5 Qg6 20. e6 0-0-0 21. exd7+ Rxd7 22. Be6 Nf6 23. c4 b4 24. Bf4 Re8 25. Bxd7+ Nxd7 26. Rxe8+ Qxe8 27. Qd6 Nde5 28. Rd1 g5 29. Bxe5 Qxe5 30. Qf8+ Kc7 31. c5 a5 32. Qf7+ Kb8 33. Qc4 Qe4 34. Qxe4 fxe4 35. Rd7 a4 36. Kf1 Ba6+ 37. Ke1 Bc4 38. Rd2 Ne5 39. Kd1 Bd3 40. Rb2 Nc6 41. h4 gxh4 42. gxh4 a3 43. Rd2 Ne5 44. Kc1 Nc4 45. Rc2 b3 0-1

[Event "Senta op-A 14th"]
[Site "Senta"]
[Date "2010.07.18"]
[Round "2"]
[White "Domany, Zsofia"]
[Black "Dragovic, Momcilo"]
[Result "0-1"]
[WhiteElo "2175"]
[BlackElo "2380"]
[PlyCount "80"]
[EventDate "2010.07.17"]
[EventType "swiss"]
[EventRounds "9"]
[EventCountry "YUG"]
[SourceTitle "CBM 137 Extra"]
[Source "ChessBase"]
[SourceDate "2010.09.01"]
[SourceVersion "1"]
[SourceVersionDate "2010.09.01"]
[SourceQuality "1"]

1. e4 e5 2. Nf3 Nc6 3. d4 exd4 4. Nxd4 Bc5 5. Be3 Bxd4 6. Bxd4 Nf6 7. Nc3 0-0 8. Bxf6 Qxf6 9. Qd2 d5 10. 0-0-0 dxe4 11. Nxe4 Qe5 12. Bd3 Bf5 13. Rhe1 Bg6 14. f4 Qe6 15. Kb1 Bxe4 16. Rxe4 Qf6 17. Re3 g6 18. Rh3 Qg7 19. Re1 Rad8 20. Rhe3 Qf6 21. g3 Nd4 22. Qc3 Qd6 23. a3 c5 24. h4 b5 25. h5 c4 26. Be4 Rfe8 27. hxg6 hxg6 28. Qd2 Qf6 29. Qh2 Kg7 30. g4 Rh8 31. Qf2 Qh4 32. Rf1 Qxf2 33. Rxf2 Rh4 34. Rg2 a5 35. Re1 b4 36. axb4 axb4 37. c3 bxc3 38. bxc3 Nb5 39. Rg3 Rh2 40. Rh1 Rxh1+ 0-1

[Event "Senta op-A 13th"]
[Site "Senta"]
[Date "2009.07.23"]
[Round "7"]
[White "Dragovic, Momcilo"]
[Black "Csirik, Andras"]
[Result "0-1"]
[WhiteElo "2383"]
[BlackElo "2281"]
[PlyCount "82"]
[EventDate "2009.07.18"]
[EventType "swiss"]
[EventRounds "9"]
[EventCountry "YUG"]
[SourceTitle "CBM 131 Extra"]
[Source "ChessBase"]
[SourceDate "2009.09.03"]
[SourceVersion "2"]
[SourceVersionDate "2009.09.16"]
[SourceQuality "1"]

1. e4 e5 2. Nf3 Nc6 3. d4 exd4 4. Nxd4 Nf6 5. Nxc6 bxc6 6. e5 Qe7 7. Qe2 Nd5 8. c4 Ba6 9. g3 g6 10. Bg2 Bg7 11. 0-0 0-0 12. Re1 Rae8 13. Qc2 Qc5 14. Na3 Nb6 15. Bf4 Bxe5 16. b4 Qxb4 17. Bxe5 Qxa3 18. Bf1 Qa4 19. Qc3 Rxe5 20. Rxe5 Nxc4 21. Rc5 d6 22. Rxc4 Bxc4 23. Qxc4 Qxc4 24. Bxc4 Rb8 25. Rc1 Kf8 26. Rc3 Rb4 27. Kg2 a5 28. h4 Ke7 29. Bd3 c5 30. Kf3 Kd7 31. Ra3 c4 32. Be2 a4 33. Bd1 d5 34. Bxa4+ Kd6 35. Be8 f5 36. Ke3 c5 37. Bf7 d4+ 38. Kf3 c3 39. Ra6+ Ke7 40. Ra7+ Kf6 41. Bg8 c2 0-1

[Event "Senta op-A 12th"]
[Site "Senta"]
[Date "2008.07.20"]
[Round "4"]
[White "Dragovic, Momcilo"]
[Black "Stanojevic, Branko"]
[Result "1-0"]
[WhiteElo "2382"]
[BlackElo "2268"]
[PlyCount "51"]
[EventDate "2008.07.18"]
[EventType "swiss"]
[EventRounds "9"]
[EventCountry "YUG"]
[SourceTitle "CBM 125 Extra"]
[Source "ChessBase"]
[SourceDate "2008.09.01"]
[SourceVersion "1"]
[SourceVersionDate "2008.09.01"]
[SourceQuality "1"]

1. e4 e6 2. d4 d5 3. Nc3 Bb4 4. e5 c5 5. a3 Bxc3+ 6. bxc3 Qc7 7. Nf3 Ne7 8. dxc5 Nd7 9. Bb5 Nc6 10. 0-0 0-0 11. Bxc6 Qxc6 12. a4 Nxc5 13. Ba3 b6 14. Nd4 Qc7 15. Re1 Bd7 16. a5 Rfc8 17. c4 dxc4 18. Bb4 Qb7 19. Ra3 Na6 20. Be7 Bc6 21. Nxc6 Rxc6 22. Bf6 c3 23. Qg4 g6 24. Rd1 h5 25. Qg5 Kh7 26. Ra4 1-0

[Event "Senta op-A 12th"]
[Site "Senta"]
[Date "2008.07.18"]
[Round "1"]
[White "Vranic, Ljubomir"]
[Black "Dragovic, Momcilo"]
[Result "0-1"]
[WhiteElo "2154"]
[BlackElo "2382"]
[PlyCount "58"]
[EventDate "2008.07.18"]
[EventType "swiss"]
[EventRounds "9"]
[EventCountry "YUG"]
[SourceTitle "CBM 125 Extra"]
[Source "ChessBase"]
[SourceDate "2008.09.01"]
[SourceVersion "1"]
[SourceVersionDate "2008.09.01"]
[SourceQuality "1"]

1. d4 Nf6 2. c4 g6 3. Nc3 Bg7 4. Bg5 d6 5. h3 c6 6. Qd2 h6 7. Bf4 a6 8. a4 Qa5 9. Nf3 c5 10. dxc5 Qxc5 11. e4 Be6 12. Be3 Qc7 13. Rc1 Nbd7 14. Nd4 Nc5 15. Nxe6 fxe6 16. Qc2 e5 17. Nd5 Qc6 18. a5 e6 19. b4 Ncd7 20. Nc3 0-0 21. Be2 Nh5 22. Bxh5 gxh5 23. Qe2 Nf6 24. Bb6 Rac8 25. c5 d5 26. f3 d4 27. Nd1 h4 28. Qf2 Nxe4 29. Qxh4 Rf4 0-1

[Event "Senta op-A 11th"]
[Site "Senta"]
[Date "2007.07.23"]
[Round "4"]
[White "Savic, Miodrag R"]
[Black "Dragovic, Momcilo"]
[Result "1-0"]
[WhiteElo "2514"]
[BlackElo "2392"]
[PlyCount "227"]
[EventDate "2007.07.21"]
[EventType "swiss"]
[EventRounds "9"]
[EventCountry "YUG"]
[SourceTitle "CBM 119 Extra"]
[Source "ChessBase"]
[SourceDate "2007.09.04"]
[SourceVersion "1"]
[SourceVersionDate "2007.09.04"]
[SourceQuality "1"]

1. e4 e5 2. Nf3 Nc6 3. Bb5 f5 4. d3 fxe4 5. dxe4 Nf6 6. Bg5 Be7 7. Nc3 d6 8. Qd3 Bd7 9. 0-0 0-0 10. Bxf6 Bxf6 11. Nd5 Kh8 12. Rae1 a6 13. Bxc6 bxc6 14. Nxf6 Rxf6 15. Re3 Be6 16. Qc3 c5 17. Qa5 Rb8 18. b3 Qc8 19. c4 Qb7 20. Ne1 Bd7 21. Nd3 Bc6 22. f3 g5 23. Qc3 Rbf8 24. Ree1 Qb6 25. Nf2 Bd7 26. Nd1 a5 27. Ne3 Be6 28. Qd2 Qb4 29. Qc1 h6 30. Nc2 Qb6 31. Qa3 R6f7 32. h3 Kh7 33. Rf2 h5 34. Ref1 h4 35. Kh2 Qc6 36. Qxa5 Ra8 37. Qd2 Kg6 38. Ne3 Ra3 39. Rg1 Qa8 40. Nd1 Bd7 41. Nc3 Bc6 42. g3 Qh8 43. gxh4 Rf4 44. Rxg5+ Kf7 45. Rg4 Ke7 46. Rfg2 Rf7 47. Qg5+ Kd7 48. R4g3 Ra8 49. Qg4+ Ke7 50. Qg5+ Kd7 51. h5 Raf8 52. h6 Kc8 53. Qg7 Kb7 54. Qxh8 Rxh8 55. Nd1 Rxh6 56. Kg1 Bd7 57. Rh2 Rfh7 58. Kg2 Kb6 59. Nf2 Be6 60. Rh1 Ka5 61. a3 Kb6 62. Ng4 Rh4 63. Nf2 Rh8 64. Rg6 Bf7 65. Rg7 Be6 66. Kg3 R4h5 67. Rg6 Bf7 68. Rf6 Rg5+ 69. Ng4 Rg7 70. Kf2 Kb7 71. Rh6 Ra8 72. Ra1 Bg6 73. Ne3 Bh7 74. Rf6 Kc6 75. h4 Rag8 76. a4 Rb8 77. Ra3 Bg6 78. a5 Kb7 79. Ra1 Bf7 80. Nf5 Rh7 81. Rh6 Rxh6 82. Nxh6 Bh5 83. Nf5 Ka6 84. Ra3 Rf8 85. Ke3 Bg6 86. Ne7 Bh5 87. Nf5 Bg6 88. Ng7 Rf7 89. Ne6 Bh5 90. f4 exf4+ 91. Nxf4 Bd1 92. Nd3 Ka7 93. Kd2 Bf3 94. Ke3 Bd1 95. e5 Rh7 96. Kd2 Bg4 97. b4 cxb4 98. Nxb4 dxe5 99. Nc6+ Ka6 100. Nb4+ Ka7 101. Re3 Rxh4 102. Rxe5 Rh5 103. Re7 Rxa5 104. Nc6+ Kb6 105. Nxa5 Kxa5 106. Rxc7 Kb6 107. Rg7 Bf3 108. Ke3 Ba8 109. Kd4 Bf3 110. Rg6+ Kc7 111. Kc5 Be2 112. Rg7+ Kd8 113. Kd5 Bd3 114. c5 1-0